000 00752nam a2200217 i 4500
001 63822
003 ES-MaACL
005 20250928123500.0
007 t|
008 031217s1965 sp ||||1| spa d
100 1 _aFigueroa y Melgar, Alfonso de.
_950804
245 1 0 _aEstudio histórico sobre algunas familias españolas /
_cAlfonso de Figueroa y Melgar ; [prólogo de Dalmiro de la Válgoma].
260 _aMadrid :
_bDawson y Fry,
_c1965.
300 _a2 v., 13 lám. ;
_c27 cm.
500 _aSon los T. I-II.
600 3 4 _aFigueroa (Familia)
_9157573
651 4 _aEspaña-
_xGenealogía.
_98199
700 1 _aVálgoma y Díaz-Varela, Dalmiro de la,
_d1904-1990
_9112691
852 _aES-MaACL
_jP-195-Ter
_bR.56220
999 _c63822
_d63822